| 000 | 00629nam a2200229Ia 4500 | ||
|---|---|---|---|
| 005 | 20231206143057.0 | ||
| 008 | 131103s9999 xx 000 0 und d | ||
| 020 | _cRs. 8.00 | ||
| 040 | _aLoreto College | ||
| 041 | _aEnglish | ||
| 082 |
_a327.06 _bBAN |
||
| 100 | _aBanerjee, Anil Chandra | ||
| 245 |
_aRevision of charter of United Nations _cAnil Chandra Banerjee |
||
| 260 |
_aCalcutta _bA. Mukherjee & Co. _c1961 |
||
| 300 | _a272 p. | ||
| 504 | _aIncludes index | ||
| 630 | _aUnited Nations | ||
| 650 | _aPolitics - International Relations - | ||
| 651 | _aPolitical Science - | ||
| 850 | _aLCLIB | ||
| 942 | _cBK | ||
| 999 |
_c1472 _d51951 |
||